[Event "Philadelphia National op 35th"]
[Site "Philadelphia"]
[Date "2004.11.27"]
[Round "4"]
[White "Vavrak, Peter"]
[Black "Molner, Mackenzie"]
[Result "1/2-1/2"]
[WhiteElo "2388"]
[BlackElo "2213"]
[PlyCount "41"]
[EventDate "2004.11.26"]
[EventType "swiss"]
[EventRounds "6"]
[EventCountry "USA"]
[SourceTitle "CBM 103 Extra"]
[Source "ChessBase"]
[SourceDate "2005.01.01"]

1. d4 Nf6 2. Nf3 c5 3. d5 d6 4. c4 b5 5. cxb5 a6 6. b6 Nbd7 7. Nc3 g6 8. e4 Bg7
9. Be2 O-O 10. O-O Nxb6 11. Nd2 Nfd7 12. a4 a5 13. Bb5 Bb7 14. Re1 e6 15. Nf3
exd5 16. exd5 Nf6 17. Bg5 Qc7 18. Bxf6 Bxf6 19. Qd3 Bxc3 20. bxc3 Nxd5 21. Rad1
1/2-1/2

[Event "USA-chT Amateur East"]
[Site "Parsippany"]
[Date "2005.03.21"]
[Round "6"]
[White "Molner, Mackenzie"]
[Black "Beltre, Alexander"]
[Result "1-0"]
[WhiteElo "2215"]
[BlackElo "2253"]
[PlyCount "77"]
[EventDate "2005.03.19"]
[EventType "team"]
[EventRounds "6"]
[EventCountry "USA"]
[SourceTitle "CBM 105 Extra"]
[Source "ChessBase"]
[SourceDate "2005.05.01"]

1. e4 e5 2. Nc3 d6 3. Nf3 c6 4. d4 Qc7 5. a4 a5 6. h3 Nf6 7. g4 g6 8. b3 Nbd7
9. Bg2 exd4 10. Nxd4 Bg7 11. Ba3 O-O 12. Nde2 Ne8 13. Qd2 Nc5 14. O-O Qb8 15.
Rad1 b5 16. axb5 cxb5 17. Nd5 b4 18. Bc1 Ba6 19. Rfe1 Ra7 20. Qf4 Ne6 21. Qg3
Qc8 22. Be3 Rb7 23. Rd2 Bb5 24. f4 Nf6 25. Nxf6+ Bxf6 26. Rxd6 Be7 27. Rd2 Rc7
28. f5 Bxe2 29. Rexe2 Nd8 30. e5 Rc3 31. Qf4 g5 32. Qe4 Nc6 33. Rd3 Rxd3 34.
cxd3 Nd8 35. d4 Re8 36. Rc2 Qa6 37. Bf1 Qh6 38. Qd5 Qb6 39. Qb5 1-0

[Event "Foxwoods op 07th"]
[Site "Mashantucket"]
[Date "2005.03.25"]
[Round "5"]
[White "Harris, David"]
[Black "Molner, Mackenzie"]
[Result "1-0"]
[WhiteElo "2235"]
[BlackElo "2215"]
[PlyCount "87"]
[EventDate "2005.03.23"]
[EventType "swiss"]
[EventRounds "9"]
[EventCountry "USA"]
[SourceTitle "CBM 105 Extra"]
[Source "ChessBase"]
[SourceDate "2005.05.01"]

1. e4 d6 2. d4 Nf6 3. Nc3 g6 4. Be3 c6 5. Qd2 b5 6. Bd3 Nbd7 7. Nf3 e5 8. dxe5
dxe5 9. O-O Bb7 10. Rad1 a6 11. h3 Bg7 12. Bh6 O-O 13. Nh2 Qb6 14. Ng4 Rfd8 15.
Be3 c5 16. Bg5 Qe6 17. f3 b4 18. Nd5 Bxd5 19. exd5 Qd6 20. Be4 Rf8 21. Bh6 c4
22. Bxg7 Kxg7 23. Qh6+ Kg8 24. Ne3 Nh5 25. Kh2 Rac8 26. Bf5 Rfd8 27. Bxd7 Rxd7
28. b3 cxb3 29. axb3 e4+ 30. f4 Rc3 31. Nc4 Qc5 32. f5 Ng3 33. f6 Nxf1+ 34.
Rxf1 Qf8 35. Qd2 Qb8+ 36. Kh1 e3 37. Nxe3 Qf8 38. Re1 h5 39. Nf5 Kh7 40. Re8
Rxd5 41. Rxf8 Rxd2 42. Rxf7+ Kg8 43. Nh6+ Kh8 44. Rg7 1-0

[Event "New York Marshall CC-ch 89th"]
[Site "New York"]
[Date "2005.12.10"]
[Round "3"]
[White "Molner, Mackenzie"]
[Black "Privman, Boris"]
[Result "1/2-1/2"]
[WhiteElo "2241"]
[BlackElo "2238"]
[PlyCount "55"]
[EventDate "2005.12.09"]
[EventType "swiss"]
[EventRounds "9"]
[EventCountry "USA"]
[SourceTitle "CBM 109 Extra"]
[Source "ChessBase"]
[SourceDate "2006.01.03"]

1. e4 e6 2. d4 d5 3. Nc3 Nf6 4. Bg5 Bb4 5. e5 h6 6. Bd2 Bxc3 7. bxc3 Ne4 8. Qg4
Kf8 9. Bd3 Nxd2 10. Kxd2 c5 11. h4 Nc6 12. Rh3 c4 13. Bf1 b5 14. a3 a5 15. Rg3
Rg8 16. Nh3 Bd7 17. Rb1 Ne7 18. Rf3 Nf5 19. h5 Ke8 20. Qf4 Qe7 21. Ng1 Qxa3 22.
g4 Ne7 23. Qxf7+ Kd8 24. Ne2 Ra6 25. Bh3 Qa2 26. Kc1 Qa3+ 27. Kd2 Qa2 28. Kc1
1/2-1/2

[Event "USA-chT Amateur East"]
[Site "Parsippany"]
[Date "2006.02.20"]
[Round "6"]
[White "London, Dimitri"]
[Black "Molner, Mackenzie"]
[Result "1/2-1/2"]
[WhiteElo "2418"]
[BlackElo "2253"]
[PlyCount "117"]
[EventDate "2006.02.18"]
[EventType "team"]
[EventRounds "6"]
[EventCountry "USA"]
[SourceTitle "CBM 111 Extra"]
[Source "ChessBase"]
[SourceDate "2006.05.09"]

1. e4 d6 2. d4 Nf6 3. Nc3 g6 4. f3 c6 5. Be3 b5 6. Qd2 Nbd7 7. Bh6 b4 8. Nd1
Bxh6 9. Qxh6 Qb6 10. Qd2 c5 11. d5 a5 12. Ne3 Ba6 13. Nh3 O-O 14. Nf2 Bxf1 15.
Rxf1 Rfe8 16. O-O-O Qa6 17. f4 b3 18. a3 bxc2 19. Qxc2 Rab8 20. g4 a4 21. g5
Nh5 22. Nfg4 Rb3 23. f5 Ne5 24. fxg6 hxg6 25. Nxe5 dxe5 26. Nc4 Nf4 27. Rf2
Reb8 28. d6 exd6 29. Rxd6 Qc8 30. Nxe5 Rxb2 31. Qxb2 Rxb2 32. Rxb2 Qh3 33. Rb8+
Kg7 34. Rdd8 Qf1+ 35. Kb2 Qg2+ 36. Kc3 Qxg5 37. Nd7 Ne2+ 38. Kd3 Nc1+ 39. Kc4
Qe3 40. e5 Qd4+ 41. Kb5 Kh6 42. Nf6 Qb2+ 43. Ka5 Qxa3 44. h4 g5 45. Rg8 Qc3+
46. Kb6 gxh4 47. Rg4 Qb2+ 48. Ka7 Qxb8+ 49. Kxb8 a3 50. Rxh4+ Kg5 51. Ra4 a2
52. Ne4+ Kf4 53. Nd2+ Kxe5 54. Kc7 c4 55. Nxc4+ Kd4 56. Kb6 Kc3 57. Kb5 Kc2 58.
Ne3+ Kb2 59. Nc4+ 1/2-1/2

[Event "World op 34th"]
[Site "Philadelphia"]
[Date "2006.07.01"]
[Round "4"]
[White "Ganguly, Surya Shekhar"]
[Black "Molner, Mackenzie"]
[Result "1-0"]
[WhiteElo "2578"]
[BlackElo "2280"]
[PlyCount "77"]
[EventDate "2006.06.28"]
[EventType "swiss"]
[EventRounds "9"]
[EventCountry "USA"]
[SourceTitle "CBM 112 Extra"]
[Source "ChessBase"]
[SourceDate "2006.07.14"]

1. e4 d6 2. d4 Nf6 3. Nc3 g6 4. Be3 c6 5. Qd2 b5 6. Bd3 Nbd7 7. Nf3 e5 8. O-O
Bb7 9. Rfe1 Bg7 10. a4 a6 11. dxe5 dxe5 12. Ne2 Ng4 13. Bg5 Qb6 14. h3 Ngf6 15.
c4 b4 16. a5 Qc5 17. Ra4 Bf8 18. Bb1 Qd6 19. Qxd6 Bxd6 20. Rd1 Ke7 21. c5 Nxc5
22. Rxb4 Rhd8 23. Be3 Nfd7 24. Ng5 Bc7 25. Rxd7+ Nxd7 26. Rxb7 Bxa5 27. Ba2
Rab8 28. Ra7 Rxb2 29. Bc4 Bd2 30. Bc5+ Kf6 31. Nxf7 Nxc5 32. Nxd8 Rb4 33. h4 g5
34. h5 g4 35. Rf7+ Kg5 36. Rf5+ Kh6 37. Nf7+ Kg7 38. Nxe5 Nxe4 39. Nd4 1-0

[Event "World op 34th"]
[Site "Philadelphia"]
[Date "2006.07.04"]
[Round "8"]
[White "Kiewra, Keaton F"]
[Black "Molner, Mackenzie"]
[Result "1/2-1/2"]
[WhiteElo "2257"]
[BlackElo "2280"]
[PlyCount "49"]
[EventDate "2006.06.28"]
[EventType "swiss"]
[EventRounds "9"]
[EventCountry "USA"]
[SourceTitle "CBM 112 Extra"]
[Source "ChessBase"]
[SourceDate "2006.07.14"]

1. e4 d6 2. d4 Nf6 3. Nc3 g6 4. Bg5 Bg7 5. f4 h6 6. Bh4 c5 7. e5 Nh5 8. dxc5
dxe5 9. Qxd8+ Kxd8 10. O-O-O+ Bd7 11. Nd5 Nc6 12. fxe5 g5 13. Be2 gxh4 14. Bxh5
Nxe5 15. Nf3 e6 16. Nb4 Rf8 17. Rhe1 Nc6 18. Nxc6+ bxc6 19. Ne5 Bxe5 20. Rxe5
Ke7 21. Re4 Rg8 22. Bf3 h3 23. g3 Rg5 24. Rh4 Rxc5 25. Rxh6 1/2-1/2

[Event "USA-ch U18"]
[Site "Dallas"]
[Date "2006.07.16"]
[Round "1"]
[White "Kleiman, Jake"]
[Black "Molner, Mackenzie"]
[Result "1-0"]
[WhiteElo "2271"]
[BlackElo "2280"]
[PlyCount "58"]
[EventDate "2006.07.15"]
[EventType "tourn"]
[EventRounds "9"]
[EventCountry "USA"]
[EventCategory "2"]
[SourceTitle "CBM 113 Extra"]
[Source "ChessBase"]
[SourceDate "2006.09.14"]

1. e4 d6 2. d4 Nf6 3. Nc3 g6 4. Nf3 Bg7 5. Be3 a6 6. Bd3 b5 7. Qd2 Bb7 8. Bh6
O-O 9. h4 Bxh6 10. Qxh6 Ng4 11. Qg5 h5 12. Nh2 Nxh2 13. Rxh2 Nc6 14. e5 e6 15.
Qh6 Ne7 16. O-O-O Nf5 17. Bxf5 exf5 18. f4 b4 19. Ne2 Qe7 20. Ng3 dxe5 21. fxe5
a5 22. Ne2 Rfe8 23. Rh3 Qf8 24. Qf4 Kh7 25. Rg3 Rad8 26. Rg5 Qh6 27. Ng3 Bd5
28. Kb1 Qf8 29. Nxh5 gxh5 1-0

[Event "USA-ch U18"]
[Site "Dallas"]
[Date "2006.07.16"]
[Round "2"]
[White "Molner, Mackenzie"]
[Black "Coraretti, Benjamin J"]
[Result "1/2-1/2"]
[WhiteElo "2280"]
[BlackElo "1974"]
[PlyCount "51"]
[EventDate "2006.07.15"]
[EventType "tourn"]
[EventRounds "9"]
[EventCountry "USA"]
[EventCategory "2"]
[SourceTitle "CBM 113 Extra"]
[Source "ChessBase"]
[SourceDate "2006.09.14"]

1. e4 e5 2. Nf3 Nc6 3. Bc4 Bc5 4. d3 d6 5. c3 Nf6 6. O-O O-O 7. Bg5 h6 8. Bh4
Bb6 9. Nbd2 g5 10. Nxg5 hxg5 11. Bxg5 Kg7 12. Qf3 Rh8 13. Bd5 Nb8 14. Nc4 Nbd7
15. Ne3 Nf8 16. Qg3 Be6 17. Bxf6+ Kxf6 18. f4 Bxe3+ 19. Qxe3 Ke7 20. fxe5 dxe5
21. Bxb7 Rb8 22. Qxa7 Ng6 23. d4 Qd6 24. d5 Bd7 25. g3 Nf4 26. Kh1 1/2-1/2

[Event "USA-ch U18"]
[Site "Dallas"]
[Date "2006.07.17"]
[Round "3"]
[White "Ludwig, Daniel"]
[Black "Molner, Mackenzie"]
[Result "1/2-1/2"]
[WhiteElo "2391"]
[BlackElo "2280"]
[PlyCount "32"]
[EventDate "2006.07.15"]
[EventType "tourn"]
[EventRounds "9"]
[EventCountry "USA"]
[EventCategory "2"]
[SourceTitle "CBM 113 Extra"]
[Source "ChessBase"]
[SourceDate "2006.09.14"]

1. e4 d6 2. d4 Nf6 3. Nc3 g6 4. Nge2 c6 5. a4 Nbd7 6. g3 Bg7 7. Bg2 O-O 8. O-O
e5 9. h3 exd4 10. Nxd4 Nc5 11. Bf4 Re8 12. Re1 Nh5 13. Be3 Nf6 14. Bf4 Nh5 15.
Be3 Nf6 16. Bf4 Nh5 1/2-1/2

[Event "USA-ch U18"]
[Site "Dallas"]
[Date "2006.07.17"]
[Round "4"]
[White "Molner, Mackenzie"]
[Black "Bercys, Salvijus"]
[Result "1/2-1/2"]
[WhiteElo "2280"]
[BlackElo "2368"]
[PlyCount "49"]
[EventDate "2006.07.15"]
[EventType "tourn"]
[EventRounds "9"]
[EventCountry "USA"]
[EventCategory "2"]
[SourceTitle "CBM 113 Extra"]
[Source "ChessBase"]
[SourceDate "2006.09.14"]

1. e4 c5 2. Nf3 e6 3. d4 cxd4 4. Nxd4 a6 5. Nc3 Qc7 6. Be2 Nf6 7. O-O Bb4 8.
Qd3 Nc6 9. Nxc6 dxc6 10. Be3 Bd6 11. h3 b5 12. Rad1 Be7 13. f4 Bb7 14. Bf3 Rd8
15. Qe2 Rxd1 16. Rxd1 e5 17. Qf2 exf4 18. Bb6 Qe5 19. Bd4 Qe6 20. e5 Nd5 21.
Bg4 Qg6 22. Nxd5 cxd5 23. Qxf4 O-O 24. Bf5 Qc6 25. Bd3 1/2-1/2

[Event "USA-ch U18"]
[Site "Dallas"]
[Date "2006.07.18"]
[Round "5"]
[White "Banawa, Joel Cholo"]
[Black "Molner, Mackenzie"]
[Result "0-1"]
[WhiteElo "2260"]
[BlackElo "2280"]
[PlyCount "76"]
[EventDate "2006.07.15"]
[EventType "tourn"]
[EventRounds "9"]
[EventCountry "USA"]
[EventCategory "2"]
[SourceTitle "CBM 113 Extra"]
[Source "ChessBase"]
[SourceDate "2006.09.14"]

1. Nf3 g6 2. c4 Bg7 3. Nc3 c5 4. g3 Nc6 5. Bg2 Nf6 6. O-O O-O 7. d3 e6 8. Be3
d6 9. d4 Qe7 10. d5 exd5 11. cxd5 Na5 12. Qa4 Qd8 13. b4 Nc4 14. Bf4 Nb6 15.
Qb3 cxb4 16. Nb5 Nfxd5 17. Bxd6 Re8 18. Rad1 Bd7 19. Nfd4 Bxd4 20. Rxd4 Bxb5
21. Bxd5 Nxd5 22. Rxd5 Bxe2 23. Be5 Qc8 24. Qb2 Rxe5 25. Qxe5 Bxf1 26. Kxf1
Qc4+ 27. Kg2 Qc6 28. Qe4 Re8 29. Qf3 b6 30. h4 h5 31. Kh2 Kg7 32. Qd3 Qc3 33.
Qb5 Qe1 34. Rd2 Qxd2 35. Qxe8 Qxf2+ 36. Kh3 Qxa2 37. Qe5+ Kh7 38. Qe8 Qe6+ 0-1

[Event "USA-ch U18"]
[Site "Dallas"]
[Date "2006.07.18"]
[Round "6"]
[White "Molner, Mackenzie"]
[Black "Schneider, Igor"]
[Result "1/2-1/2"]
[WhiteElo "2280"]
[BlackElo "2367"]
[PlyCount "113"]
[EventDate "2006.07.15"]
[EventType "tourn"]
[EventRounds "9"]
[EventCountry "USA"]
[EventCategory "2"]
[SourceTitle "CBM 113 Extra"]
[Source "ChessBase"]
[SourceDate "2006.09.14"]

1. e4 e6 2. d4 d5 3. Nc3 Nf6 4. e5 Nfd7 5. f4 c5 6. Nf3 a6 7. Be3 Qb6 8. a3 Nc6
9. dxc5 Bxc5 10. Na4 Qa5+ 11. b4 Qxa4 12. bxc5 O-O 13. c4 Qa5+ 14. Qd2 Rd8 15.
cxd5 Qxd2+ 16. Kxd2 exd5 17. Kc3 Nf8 18. Nd4 Nxd4 19. Bxd4 Ne6 20. g3 Bd7 21.
Rb1 Rac8 22. Rxb7 Nxc5 23. Bxc5 d4+ 24. Kd2 Bc6 25. Bh3 Bxb7 26. Bxc8 Bxh1 27.
Bxa6 Be4 28. Bd3 Bc6 29. Bc4 Bd5 30. Bb5 Rb8 31. a4 Bb3 32. Bxd4 Bxa4 33. Bxa4
Rb4 34. Bc6 Rxd4+ 35. Ke3 Rb4 36. h4 Rb3+ 37. Kf2 Kf8 38. Bd5 Rb2+ 39. Kf3 Ke7
40. Ke3 Rb5 41. Bc4 Ra5 42. h5 Ra3+ 43. Kf2 Rc3 44. Bd5 f6 45. exf6+ gxf6 46.
Be4 h6 47. g4 Kd6 48. Bf5 Kd5 49. Ke2 Kd4 50. Bg6 Ra3 51. Bf5 Ra5 52. Bg6 Rb5
53. Kf2 Rb3 54. Ke2 Re3+ 55. Kf2 Re7 56. Kf3 Kc3 57. g5 1/2-1/2

[Event "USA-ch U18"]
[Site "Dallas"]
[Date "2006.07.19"]
[Round "7"]
[White "Molner, Mackenzie"]
[Black "Maltese, Adam"]
[Result "1-0"]
[WhiteElo "2280"]
[BlackElo "2216"]
[PlyCount "91"]
[EventDate "2006.07.15"]
[EventType "tourn"]
[EventRounds "9"]
[EventCountry "USA"]
[EventCategory "2"]
[SourceTitle "CBM 113 Extra"]
[Source "ChessBase"]
[SourceDate "2006.09.14"]

1. e4 d6 2. d4 Nf6 3. Nc3 g6 4. h3 c6 5. Be3 b5 6. e5 Nfd7 7. exd6 exd6 8. d5
b4 9. Qd4 Nf6 10. Qxb4 c5 11. Bb5+ Bd7 12. Qa4 Bg7 13. Nf3 O-O 14. O-O Bxb5 15.
Qxb5 Nbd7 16. Qd3 Rb8 17. b3 Nb6 18. Qd2 Qd7 19. Rad1 Rfc8 20. a4 a5 21. Rfe1
c4 22. Bxb6 Rxb6 23. Nb5 cxb3 24. cxb3 Rxb5 25. axb5 Qxb5 26. Qd3 Qb7 27. Rc1
Rxc1 28. Rxc1 Nxd5 29. Qe4 Qb5 30. Rc8+ Bf8 31. Nd4 Qb7 32. Qe8 Qe7 33. Nc6
Qxe8 34. Rxe8 Nb4 35. Nxb4 axb4 36. Rb8 d5 37. Rd8 Kg7 38. Rxd5 Kf6 39. Kf1 Ke6
40. Rb5 h5 41. Ke2 h4 42. Kd3 f5 43. Rb6+ Kf7 44. Kc4 g5 45. Rxb4 g4 46. Rb7+
1-0

[Event "USA-ch U18"]
[Site "Dallas"]
[Date "2006.07.20"]
[Round "8"]
[White "Hess, Robert L"]
[Black "Molner, Mackenzie"]
[Result "1-0"]
[WhiteElo "2358"]
[BlackElo "2280"]
[PlyCount "71"]
[EventDate "2006.07.15"]
[EventType "tourn"]
[EventRounds "9"]
[EventCountry "USA"]
[EventCategory "2"]
[SourceTitle "CBM 113 Extra"]
[Source "ChessBase"]
[SourceDate "2006.09.14"]

1. e4 d6 2. d4 Nf6 3. Nc3 g6 4. Nge2 Bg7 5. g3 O-O 6. Bg2 e5 7. dxe5 dxe5 8.
O-O c6 9. Be3 Qe7 10. f3 Na6 11. Nc1 Nc5 12. Qd2 Ne6 13. Nd3 Rd8 14. Qf2 Nd4
15. Rad1 c5 16. g4 h6 17. g5 hxg5 18. Bxg5 c4 19. Nc1 Be6 20. Kh1 Nc6 21. Qh4
Rxd1 22. Nxd1 c3 23. Nxc3 Bc4 24. Nd3 Qd6 25. Rd1 Nd4 26. Nxe5 Qxe5 27. f4 Qc5
28. Bxf6 Nxc2 29. e5 Ne3 30. Bxg7 Kxg7 31. Qf6+ Kg8 32. Rd8+ Rxd8 33. Qxd8+ Kg7
34. Qd6 Qxd6 35. exd6 Nxg2 36. d7 1-0

[Event "USA-ch U18"]
[Site "Dallas"]
[Date "2006.07.20"]
[Round "9"]
[White "Molner, Mackenzie"]
[Black "Gulamali, Kazim"]
[Result "1/2-1/2"]
[WhiteElo "2280"]
[BlackElo "2302"]
[PlyCount "52"]
[EventDate "2006.07.15"]
[EventType "tourn"]
[EventRounds "9"]
[EventCountry "USA"]
[EventCategory "2"]
[SourceTitle "CBM 113 Extra"]
[Source "ChessBase"]
[SourceDate "2006.09.14"]

1. e4 c5 2. Nf3 d6 3. d4 cxd4 4. Nxd4 Nf6 5. Nc3 a6 6. Be3 e6 7. f3 b5 8. Qd2
Bb7 9. O-O-O Nbd7 10. g4 Nb6 11. Bd3 Rc8 12. Kb1 Nfd7 13. f4 b4 14. Nce2 d5 15.
Ng3 Nc5 16. e5 Nc4 17. Qe2 Nxb2 18. Kxb2 Na4+ 19. Kc1 Nc3 20. Qf2 b3 21. Nxb3
Ba3+ 22. Kd2 Bb4 23. Qg2 Qh4 24. Nh5 Nxa2+ 25. Ke2 Nc3+ 26. Kd2 Na2+ 1/2-1/2

[Event "USA tt"]
[Site "ICC INT"]
[Date "2006.09.11"]
[Round "3"]
[White "Martirosov, Vadim"]
[Black "Molner, Mackenzie"]
[Result "1-0"]
[WhiteElo "2249"]
[BlackElo "2280"]
[PlyCount "117"]
[EventDate "2006.08.30"]
[EventType "team"]
[EventRounds "10"]
[EventCountry "USA"]
[SourceTitle "CBM 114 Extra"]
[Source "ChessBase"]
[SourceDate "2006.11.03"]
[WhiteTeam "Boston Blitz"]
[BlackTeam "New York Knights"]
[WhiteTeamCountry "USA"]
[BlackTeamCountry "USA"]

1. e4 d6 2. d4 Nf6 3. Nc3 g6 4. Nf3 Bg7 5. h3 a6 6. a4 b6 7. Be3 O-O 8. e5 Nfd7
9. e6 fxe6 10. Bc4 Nf6 11. d5 c6 12. Ng5 exd5 13. Nxd5 cxd5 14. Bxd5+ e6 15.
Bxa8 d5 16. c4 Qd6 17. cxd5 exd5 18. O-O Bf5 19. Rc1 h6 20. Nf3 Nbd7 21. Bc6
Nc5 22. Nd4 Nfe4 23. Nxf5 Rxf5 24. b4 Qxc6 25. bxc5 bxc5 26. Bd4 Bxd4 27. Qxd4
Qd6 28. Qe3 Qf4 29. Qxf4 Rxf4 30. f3 Ng3 31. Rfe1 c4 32. Kf2 Nf5 33. Red1 Ne7
34. Ke3 g5 35. g3 Nf5+ 36. Kf2 Rd4 37. g4 Rxd1 38. Rxd1 Ne7 39. Ke3 Kf7 40. Kd4
Ke6 41. Kc5 Kd7 42. a5 Kc7 43. Re1 Nc6 44. Kxd5 Nxa5 45. Kc5 Nb3+ 46. Kxc4 Nd2+
47. Kc5 Nxf3 48. Re7+ Kd8 49. Re6 a5 50. Rxh6 Ke7 51. Kd5 a4 52. Ra6 Ng1 53.
Ke5 Nxh3 54. Ra7+ Kf8 55. Kf6 Kg8 56. Rxa4 Kh7 57. Ra7+ Kh6 58. Ra8 Kh7 59. Ra3
1-0

[Event "USA tt"]
[Site "ICC INT"]
[Date "2006.09.20"]
[Round "4"]
[White "Zaikov, Oleg"]
[Black "Molner, Mackenzie"]
[Result "1-0"]
[WhiteElo "2394"]
[BlackElo "2280"]
[PlyCount "107"]
[EventDate "2006.08.30"]
[EventType "team"]
[EventRounds "10"]
[EventCountry "USA"]
[SourceTitle "CBM 114 Extra"]
[Source "ChessBase"]
[SourceDate "2006.11.03"]
[WhiteTeam "Carolina Cobras"]
[BlackTeam "New York Knights"]
[WhiteTeamCountry "USA"]
[BlackTeamCountry "USA"]

1. a3 g6 2. Nf3 Bg7 3. g3 e5 4. d4 exd4 5. Bg5 Ne7 6. Nxd4 h6 7. Bf4 d5 8. Nc3
g5 9. Bc1 c5 10. Nf3 d4 11. Nb1 Nbc6 12. Bg2 Ng6 13. O-O Be6 14. Nbd2 g4 15.
Ne1 c4 16. b3 d3 17. c3 Bxc3 18. Rb1 dxe2 19. Qxe2 Nd4 20. Qe3 Bxd2 21. Bxd2
Nf5 22. Qc3 O-O 23. bxc4 Rc8 24. c5 b6 25. Rb4 Rxc5 26. Qb2 Bc4 27. Be4 Qd4 28.
Qc2 Bxf1 29. Rxd4 Rxc2 30. Bxf5 Rxd2 31. Rxd2 Bb5 32. Bxg4 Re8 33. Nc2 Ne5 34.
Nd4 Ba6 35. Bh5 Rd8 36. Nb3 Rxd2 37. Nxd2 Bd3 38. f4 Nc4 39. Nxc4 Bxc4 40. Kf2
b5 41. Ke3 Kg7 42. Kd4 Bf1 43. Kc5 Kf6 44. Bg4 Ke7 45. Bc8 Bg2 46. Kxb5 Bf1+
47. Kc6 Kd8 48. Bg4 Bg2+ 49. Kd6 Bb7 50. Bd7 Bg2 51. Bc6 Bh3 52. Bd5 f6 53. Be6
Bg2 54. Bf5 1-0

[Event "USA tt"]
[Site "ICC INT"]
[Date "2006.10.04"]
[Round "6"]
[White "Pruess, David"]
[Black "Molner, Mackenzie"]
[Result "1/2-1/2"]
[WhiteElo "2404"]
[BlackElo "2280"]
[PlyCount "88"]
[EventDate "2006.08.30"]
[EventType "team"]
[EventRounds "10"]
[EventCountry "USA"]
[SourceTitle "CBM 114 Extra"]
[Source "ChessBase"]
[SourceDate "2006.11.03"]
[WhiteTeam "San Francisco"]
[BlackTeam "New York Knights"]
[WhiteTeamCountry "USA"]
[BlackTeamCountry "USA"]

1. e4 d6 2. d4 Nf6 3. Nc3 g6 4. Bc4 Bg7 5. Qe2 Nc6 6. e5 Nd7 7. Nf3 Nb6 8. Bb3
O-O 9. h3 Na5 10. O-O d5 11. Bf4 f6 12. Rfe1 c6 13. Nd1 g5 14. Bd2 Nac4 15.
exf6 exf6 16. Bb4 Nd6 17. Qe7 Qxe7 18. Rxe7 Rd8 19. c3 Bf8 20. Re2 Bf5 21. Ne3
Bd3 22. Ree1 Re8 23. h4 h6 24. hxg5 hxg5 25. Nh2 Kf7 26. Nhg4 Nbc4 27. Rad1
Nxe3 28. Nxe3 Bg6 29. f3 a5 30. Bc5 Rxe3 31. Rxe3 a4 32. Bxd5+ cxd5 33. Re2 Re8
34. Rxe8 Nxe8 35. Kf2 Nc7 36. Bxf8 Kxf8 37. Ke3 Nb5 38. Kd2 a3 39. b3 Nd6 40.
Rh1 Kg7 41. Re1 Kf7 42. Rh1 Kg7 43. Re1 Kf7 44. Rh1 Kg7 1/2-1/2

[Event "USA tt"]
[Site "ICC INT"]
[Date "2006.10.25"]
[Round "9"]
[White "Zimmer, Ralph"]
[Black "Molner, Mackenzie"]
[Result "1-0"]
[WhiteElo "2236"]
[BlackElo "2280"]
[PlyCount "93"]
[EventDate "2006.08.30"]
[EventType "team"]
[EventRounds "10"]
[EventCountry "USA"]
[SourceTitle "CBM 114 Extra"]
[Source "ChessBase"]
[SourceDate "2006.11.03"]
[WhiteTeam "Baltimore"]
[BlackTeam "New York Knights"]
[WhiteTeamCountry "USA"]
[BlackTeamCountry "USA"]

1. d4 Nf6 2. c4 c5 3. d5 b5 4. cxb5 a6 5. bxa6 d6 6. Nc3 Bxa6 7. f4 g6 8. Nf3
Bg7 9. e4 Bxf1 10. Rxf1 O-O 11. e5 dxe5 12. fxe5 Nfd7 13. Qe2 Nb6 14. Qe4 Na6
15. Be3 f5 16. Qh4 Nxd5 17. Ng5 h6 18. Qc4 hxg5 19. Bxg5 Nab4 20. O-O-O Qa5 21.
Rxd5 Nxa2+ 22. Nxa2 Qxa2 23. Qxa2 Rxa2 24. Kc2 Rb8 25. Rb1 Kf7 26. Rxc5 Ra6 27.
Bd2 Ke6 28. Bc3 g5 29. b4 Ra2+ 30. Rb2 Ra3 31. Rb3 Ra2+ 32. Bb2 Ra4 33. b5 Rb6
34. Rc6+ Rxc6+ 35. bxc6 Ra8 36. Rb5 Rc8 37. Rc5 g4 38. Kd3 Bh6 39. Bd4 Kf7 40.
c7 e6 41. Rc4 Ke7 42. Bc5+ Kd7 43. Bd6 Bf8 44. Rd4 Bxd6 45. exd6 Rh8 46. Rb4
Rc8 47. Rb8 1-0

[Event "USA-chT Amateur East"]
[Site "Parsippany"]
[Date "2007.02.19"]
[Round "5"]
[White "Molner, Mackenzie"]
[Black "Chua, Alexander J"]
[Result "1-0"]
[WhiteElo "2278"]
[BlackElo "2232"]
[PlyCount "65"]
[EventDate "2007.02.17"]
[EventType "team"]
[EventRounds "6"]
[EventCountry "USA"]
[SourceTitle "CBM 117 Extra"]
[Source "ChessBase"]
[SourceDate "2007.05.09"]

1. e4 c6 2. d4 d5 3. e5 Bf5 4. Nc3 e6 5. g4 Bg6 6. Nge2 c5 7. h4 h6 8. f4 Nc6
9. Be3 cxd4 10. Nxd4 Bb4 11. f5 exf5 12. gxf5 Nxd4 13. fxg6 Nf5 14. gxf7+ Kxf7
15. Qf3 Nge7 16. Bd3 Qd7 17. O-O-O Bxc3 18. bxc3 Rhf8 19. Rhg1 Kg8 20. Qg4 Rf7
21. Bc5 Raf8 22. Rdf1 g6 23. Bxf5 Rxf5 24. Rxf5 Rxf5 25. Bxe7 Rf1+ 26. Kb2 Qb5+
27. Bb4 Rxg1 28. Qxg1 a5 29. Qxg6+ Kh8 30. Qxh6+ Kg8 31. Qf6 Kh7 32. Qe7+ Kh6
33. Qc5 1-0

[Event "Foxwoods op 09th"]
[Site "Connecticut"]
[Date "2007.04.05"]
[Round "3"]
[White "Molner, Mackenzie"]
[Black "Mirabile, Tim"]
[Result "1-0"]
[WhiteElo "2278"]
[BlackElo "2192"]
[PlyCount "67"]
[EventDate "2007.04.04"]
[EventType "swiss"]
[EventRounds "9"]
[EventCountry "USA"]
[SourceTitle "CBM 117 Extra"]
[Source "ChessBase"]
[SourceDate "2007.05.09"]

1. e4 c5 2. Nf3 d6 3. d4 cxd4 4. Nxd4 Nf6 5. Nc3 a6 6. Be3 e6 7. f3 Be7 8. g4
Nc6 9. Qd2 O-O 10. O-O-O Nxd4 11. Bxd4 b5 12. g5 Nd7 13. h4 Bb7 14. Kb1 b4 15.
Ne2 d5 16. exd5 Bxd5 17. Bg2 Qa5 18. b3 Rfd8 19. Nf4 Bb7 20. Qe3 Bc5 21. Nd3
Bxd4 22. Qxd4 Nb6 23. Qxb4 Qxb4 24. Nxb4 a5 25. Rxd8+ Rxd8 26. Nd3 Nd5 27. Re1
a4 28. Kb2 Ra8 29. f4 a3+ 30. Kc1 Rc8 31. Kd2 Rd8 32. Bxd5 Rxd5 33. c4 Rd8 34.
Kc3 1-0

[Event "Foxwoods op 09th"]
[Site "Connecticut"]
[Date "2007.04.06"]
[Round "5"]
[White "Alvarez, Franklin"]
[Black "Molner, Mackenzie"]
[Result "1/2-1/2"]
[WhiteElo "2171"]
[BlackElo "2278"]
[PlyCount "52"]
[EventDate "2007.04.04"]
[EventType "swiss"]
[EventRounds "9"]
[EventCountry "USA"]
[SourceTitle "CBM 117 Extra"]
[Source "ChessBase"]
[SourceDate "2007.05.09"]

1. e4 d6 2. d4 Nf6 3. Nc3 g6 4. f4 Bg7 5. Nf3 c5 6. d5 O-O 7. Be2 b5 8. e5 dxe5
9. fxe5 Ng4 10. Bxb5 Nxe5 11. Nxe5 Bxe5 12. Bh6 Bg7 13. Bxg7 Kxg7 14. O-O Nd7
15. d6 Nf6 16. Qf3 Be6 17. dxe7 Qxe7 18. Rae1 Rab8 19. b3 Nd7 20. Bc4 Nb6 21.
Bxe6 fxe6 22. Qg3 Rxf1+ 23. Rxf1 e5 24. Ne4 Nd5 25. Re1 Re8 26. Qd3 Nf6 1/2-1/2